000 01152cam a2200361 a 4500
001 00002011
003 DO-SdBNP
005 20171116114025.0
007 00002011
008 700702s2000 dr 000 f spa
020 _a8481301604
040 _aBPMSU
_cspa
_dBPMSU
041 1 7 _aspa
_2
082 4 _a833.912
_bM281m, 2000
100 1 _aMann, Thomas,
_d1875-1955
240 1 0 _aDer Zauberberg.
_lEspañol
245 1 3 _aLa montaña mágica /
_cThomas Mann ; traducción de Mario Verdaguer.
260 _aSanto Domingo :
_bEl Siglo:
_bGrupo León Jiménes,
_c2000.
300 _a2 v. ;
_c21 cm.
490 1 _aJoyas del milenio
_v14
500 _aPlan lea Listín en la educación actualizada.--En la cubierta
534 _aTítulo original: Der Zauberberg
_cBarcelona : Bibliotex, 2000.
650 4 _aNOVELA ALEMANA
650 4 _aLITERATURA ALEMANA
700 1 _aVerdaguer, Mario,
_etr.
830 0 _aJoyas del milenio
_v14
930 1 _l
_m
_8
_f
_p
_g
930 1 _l
_m
_h
_8
_f
_p
_h
942 _2ddc
_cBK
945 _a Inventariado extranjero / 2017 VM
956 _a
_b
_c
_l
_h
956 _aVMAEO
_b10
_c20150908
_lBPMSU
_h00151
999 _c7502
_d7502